Balance preliminar de la economía de América Latina y el Caribe 1995 /

Gespeichert in:
Bibliographische Detailangaben
Körperschaften: UN, CEPAL
Format: Text
Veröffentlicht: Santiago: CEPAL
Tags: Tag hinzufügen
Keine Tags, Fügen Sie den ersten Tag hinzu!

MARC

LEADER 00000 a a2200000 04500
001 24422
003
040
090 |a 175200  
110 |a UN  
245 |a Balance preliminar de la economía de América Latina y el Caribe 1995 /  |c UN  
260 |a Santiago:   |b CEPAL  
300 |a 69 p.   |b **no definido**  
710 |a CEPAL  
999 |c 10455  |d 10455